Rain / (Record no. 6417)

MARC details
000 -LEADER
fixed length control field 01006pam a2200325 i 4500
001 - CONTROL NUMBER
control field 6417
003 - CONTROL NUMBER IDENTIFIER
control field FISKH
005 - DATE AND TIME OF LATEST TRANSACTION
control field 20250429111559.0
008 - FIXED-LENGTH DATA ELEMENTS--GENERAL INFORMATION
fixed length control field 771118s1978 nyua j 000 0 eng
010 ## - LIBRARY OF CONGRESS CONTROL NUMBER
LC control number 77025312
020 ## - INTERNATIONAL STANDARD BOOK NUMBER
International Standard Book Number 0688801390.
-- 0688841392
040 ## - CATALOGING SOURCE
Original cataloging agency DLC
Transcribing agency DLC
Modifying agency DLC
Language of cataloging eng
050 ## - LIBRARY OF CONGRESS CALL NUMBER
Classification number QC924.K34
082 ## - DEWEY DECIMAL CLASSIFICATION NUMBER
Classification number 551.5781
100 1# - MAIN ENTRY--PERSONAL NAME
Personal name Kalan, Robert.
245 10 - TITLE STATEMENT
Title Rain /
Statement of responsibility, etc. by Robert Kalan ; illustrated by Donald Crews.
250 ## - EDITION STATEMENT
Edition statement First Scholastic printing, April 1993
260 ## - PUBLICATION, DISTRIBUTION, ETC.
Place of publication, distribution, etc. New York :
Name of publisher, distributor, etc. Scholastic,
Date of publication, distribution, etc. 1978.
300 ## - PHYSICAL DESCRIPTION
Extent 24 unnumbered pages :
Other physical details color illustrations ;
Dimensions 21 x 25 cm.
505 ## - FORMATTED CONTENTS NOTE
Formatted contents note A<br/>
520 ## - SUMMARY, ETC.
Summary, etc. Brief text and illustrations describe a rainstorm.
521 8# - TARGET AUDIENCE NOTE
Target audience note 70<br/>
Source Lexile estimate<br/>
521 8# - TARGET AUDIENCE NOTE
Target audience note A<br/>
Source Raz-Plus<br/>
650 #0 - SUBJECT ADDED ENTRY--TOPICAL TERM
Topical term or geographic name entry element Rain and rainfall
General subdivision Juvenile literature.
650 #1 - SUBJECT ADDED ENTRY--TOPICAL TERM
Topical term or geographic name entry element Rain and rainfall.
700 1# - ADDED ENTRY--PERSONAL NAME
Personal name Crews, Donald.
Relator term illustrator
906 ## - LOCAL DATA ELEMENT F, LDF (RLIN)
a 7
b cbc
c orignew
d 1
e ocip
f 19
g y-gencatlg
942 ## - ADDED ENTRY ELEMENTS (KOHA)
Source of classification or shelving scheme Dewey Decimal Classification
Koha item type Books
Suppress in OPAC No
Holdings
Withdrawn status Lost status Source of classification or shelving scheme Damaged status Not for loan Collection Home library Current library Shelving location Date acquired Total Checkouts Full call number Barcode Date last seen Copy number Price effective from Koha item type
    Dewey Decimal Classification     Non-Fiction Footprints International School Library Network Toul Kork Campus Footprints International School Library Network Toul Kork Campus TK Primary Library Room(4th Floor), Bookcase 7, Shelves 57-60, Dark Green Books 04/29/2025   KAL 551.5781 QC924.K34 FISTK02227 04/29/2025 1 04/29/2025 Books